| 000 | 01186cam a22003618i 4500 | ||
|---|---|---|---|
| 999 |
_c535303 _d535303 |
||
| 001 | 18807604 | ||
| 003 | NUST | ||
| 005 | 20200903104756.0 | ||
| 008 | 151005s2015 nju b 001 0 eng | ||
| 010 | _a 2015028472 | ||
| 020 | _a9780134170428 (alk. paper) | ||
| 020 | _a0134170423 (alk. paper) | ||
| 038 | _aMSOHAIL | ||
| 040 |
_aDLC _beng _cDLC _erda |
||
| 042 | _apcc | ||
| 050 | 0 | 0 |
_aP118 _b.P396 2015 |
| 082 | 0 | 0 |
_a401.93 _223 _bTUR |
| 100 | 1 |
_aPence, Khara L. _929788 |
|
| 245 | 1 | 0 |
_aLanguage development from theory to practice / _cKhara L. Pence Turnbull, The Ohio State University ; Laura M. Justice, The Ohio State University. |
| 250 | _aThird edition. | ||
| 263 | _a1511 | ||
| 264 | 1 |
_aUpper Saddle River, New Jersey : _bPearson Education, Inc., _c2017. |
|
| 300 | _apages cm | ||
| 336 |
_atext _2rdacontent |
||
| 337 |
_aunmediated _2rdamedia |
||
| 338 |
_avolume _2rdacarrier |
||
| 504 | _aIncludes bibliographical references and index. | ||
| 650 | 0 |
_aLanguage acquisition. _929789 |
|
| 700 | 1 |
_aJustice, Laura M., _d1968- _929790 |
|
| 906 |
_a7 _bcbc _corignew _d1 _eecip _f20 _gy-gencatlg |
||
| 942 |
_2ddc _cBK |
||